The Gothic Cathedral (Record no. 2227)

000 -LEADER
fixed length control field 00265nam a2200109Ia 4500
008 - FIXED-LENGTH DATA ELEMENTS--GENERAL INFORMATION
fixed length control field 200302s9999 xx 000 0 und d
100 ## - MAIN ENTRY--PERSONAL NAME
Personal name Ernst Levy & Other
245 ## - TITLE STATEMENT
Title The Gothic Cathedral
260 ## - PUBLICATION, DISTRIBUTION, ETC.
Name of publisher, distributor, etc. Bollingen foundation Inc.
260 ## - PUBLICATION, DISTRIBUTION, ETC.
Date of publication, distribution, etc. 1956
300 ## - PHYSICAL DESCRIPTION
Extent 307 P.,
Holdings
Withdrawn status Lost status Damaged status Not for loan Permanent Location Current Location Date acquired Cost, normal purchase price Total Checkouts Full call number Barcode Date last seen Date last checked out Price effective from Koha item type
        BMS College of Architecture, Design and Planning BMS College of Architecture, Design and Planning 2020-03-03 350.00 1 726.60944 CL-UG44934 2025-06-11 2025-06-11 2020-03-03 UG Books from CL
Copyright © 2025, The Librarian, Library and Information Centre, BMSCA D&P, Bengaluru. All Rights Reserved
web counter

Powered by Koha